000 00395nam a2200157Ia 4500
003 Ost
005 20260225132537.0
008 260225s9999||||xx |||||||||||||| ||und||
040 _cfsic
041 _afre
082 _a302.072
100 _aP.u de Québec
_eAuteur
245 0 _aMéthodes de collecte et d'analyse de données en communication /
245 0 _cP.u de Québec
942 _cكتاب
999 _c33298
_d33298